|
|
|
|
| LEADER |
01468pam a2200301 i 4500 |
| 001 |
2722059 |
| 003 |
GR-PaULI |
| 005 |
20210117210921.0 |
| 008 |
780106s1978 nyu 101 0 eng |
| 952 |
|
|
|0 0
|1 0
|2 ddc
|4 0
|6 Π_Σ_530_143000000000000_INT
|7 0
|9 232992
|a LISP
|b LISP
|c REF
|d 2019-06-11
|i 07712
|l 0
|o Π/Σ 530.143 INT
|p 025000113685
|r 2019-06-11 00:00:00
|t 1
|v 2019.00
|w 2019-06-11
|y BKN
|
| 999 |
|
|
|c 141436
|d 141436
|
| 010 |
|
|
|a 77029217
|
| 020 |
|
|
|a 0306357305
|
| 040 |
|
|
|a DLC
|c GR-PaULI
|d
|b gre
|e AACR2
|
| 082 |
0 |
0 |
|a 530.143
|2 23
|
| 111 |
|
|
|a International Summer Institute on Theoretical Physics
|b
|n (8th :
|d 1976 :
|c University of Bielefeld)
|9 176248
|
| 245 |
1 |
0 |
|a Many degrees of freedom in field theory :
|b [proceedings of the 1976 International Summer Institute of Theoretical Physics held at the University of Bielefeld, Federal Republic of Germany, August 23-September 4, 1976] /
|c edited by L. Streit.
|
| 260 |
|
|
|a New York :
|b Plenum Press,
|c c1978.
|
| 300 |
|
|
|a vii, 248 σ. :
|b εικ. ;
|c 26 εκ.
|
| 490 |
1 |
|
|a NATO advanced study institutes series. Series B. Physics
|v 30.
|
| 500 |
|
|
|a
|
| 500 |
|
|
|a
|
| 504 |
|
|
|a Περιλαμβάνει βιβλιογραφικές παραπομπές και ευρετήριο.
|
| 650 |
|
4 |
|a Κβαντική θεωρία πεδίων
|9 7
|
| 700 |
1 |
|
|a Streit, Ludwig
|d 1938-
|9 4310
|e επιμελητής.
|
| 830 |
|
0 |
|9 162287
|a NATO ASI series.
|p Physics
|v 30.
|
| 942 |
|
|
|2 ddc
|c BKN
|
| 998 |
|
|
|c ΜΠΟΥΡΑΣ
|d 2019-06
|